000 01418nam a2200217Ia 4500
003 Ost
005 20260507075427.0
008 260507s9999||||xx |||||||||||||| ||und||
040 _cfsecg
041 _aara
082 _a338.16
100 _aالخفاف، عبد المعطي
_eمؤلف
245 0 _aالكفاية الانتاجية :
_bحقل التطبيق-الصناعات الهندسية /
_c عبد المعطي الخفاف
260 _aعمان:
_bدار دجلة,
_c2006
300 _a198 صفحة؛
_bإيضاحات ؛
_c25 سم
504 _aببليوغرافيا: ص.197 ملاحق ص.194
520 _aأساسيات رفع الانتاجية: الأهمية الاقتصادية والاجتماعية للكفاية الانتاجية، المفهوم العلمي الحديث للانتاجية، قياس الانتاجية، العوامل الأساسية المؤثرة على انتاجية العمل، الادارة التقنية لتحسين الانتاجية، الانتاجية والمستقبل: تعظيم الانتاجية، التحسين المستمر للأداء، الانتاجية والتقيم المتعاون، التحديث من أجل الانتاجية التنافسية، البرنامج الوطني لزيادة الانتاجية
653 _aالصناعات الهندسية
653 _aالكفاية الإنتاجية
942 _cكتاب
999 _c44492
_d44492